| 000 | 00884nam a2200265Ia 4500 | ||
|---|---|---|---|
| 003 | OSt | ||
| 005 | 20220926014704.0 | ||
| 006 | a|||||r|||| 00| 0 | ||
| 007 | ta | ||
| 008 | 220923b |||||||| |||| 00| 0 eng d | ||
| 037 | _cGeneral Book | ||
| 040 |
_aRTL _cRTL _beng |
||
| 041 |
_2eng _aeng |
||
| 082 | _aX9(J):77, K4;3 | ||
| 100 |
_aEicher Carl _9320956 |
||
| 245 | 0 | _aAgriculture in economic development | |
| 260 |
_aNew York _bMcGraw-Hill U S A _c1964 |
||
| 300 |
_avi,415p. _ccm. |
||
| 490 | _aMcGraw-Hill Series in International Development. Ed by E Gordon Alderfer, and others | ||
| 500 | _aBibliography: p. 399-404; Reprinted: Bombay, Vora, 1970 | ||
| 650 |
_aAgricultural Industry Prices _9232198 |
||
| 700 |
_a Witt Lawrence W Ed. _9320957 |
||
| 942 |
_hX9(J):77, K4;3 _cGB _2CC |
||
| 999 |
_c629598 _d629598 |
||